Data-Driven science and engineering. Machine learning, dynamical systems, and control.
-д хадгалсан:
| Үндсэн зохиолчид: | , |
|---|---|
| Формат: | Үл мэдэгдэх |
| Хэвлэсэн: |
Cambridge, United Kingdom:
Cambridge University Press,
2022.
|
| Хэвлэл: | Second Edition. |
| Нөхцлүүд: | |
| Шошгууд: |
Шошго нэмэх
Шошго байхгүй, Энэхүү баримтыг шошголох эхний хүн болох!
|
MARC
| LEADER | 00000 a2200000 4500 | ||
|---|---|---|---|
| 003 | CL-VaPUC | ||
| 005 | 20231128171147.0 | ||
| 008 | 221025t2022 ||||| |||| 00| 0 eng d | ||
| 999 | |c 438776 |d 438774 | ||
| 020 | |a 9781009098489 | ||
| 040 | |c Pontificia Universidad Católica de Valparaíso | ||
| 082 | 7 | |a 620.00285 BRU 2022 |2 22 | |
| 100 | |a Brunton, Steven L. |9 876741 |e author | ||
| 245 | |a Data-Driven science and engineering. |b Machine learning, dynamical systems, and control. | ||
| 250 | |a Second Edition. | ||
| 260 | |a Cambridge, United Kingdom: |b Cambridge University Press, |c 2022. | ||
| 300 | |a 590 páginas. | ||
| 583 | |k GC |c 20221025 | ||
| 650 | |a Ingeniería |x Procesamiento de datos |9 877903 | ||
| 650 | 0 | |a Análisis matemático |9 260146 | |
| 700 | |a Kutz, J.Nathan |e author |9 877904 | ||
| 942 | |2 ddc |c BK | ||
| 952 | |0 0 |1 0 |2 ddc |4 0 |6 620_002850000000000_BRU_2022 |7 0 |8 A |9 587452 |a BIBMAT |b BIBMAT |c GEN |d 2022-10-24 |e 74 |g 76969.00 |i 5655338 |l 1 |m 1 |o 620.00285 BRU 2022 |p 5655338 |r 2025-01-07 |s 2024-10-11 |t 1 |v 76969.00 |w 2022-10-24 |y BK |k MAT | ||